Communes de Suisse avec des sommets de 4000 mètres - Statistiques

Statistiques générales
  • Ce quiz a été pris 88 fois
    87 depuis la dernière actualisation
  • Le résultat moyen est 8 sur 21
Statistiques - réponses
Nb Sommet le plus haut Commune % Correct
20 Pointe Dufour (4633 m) Zermatt
96%
6 Dom (4545 m) Saas-Fee
74%
5 _____horn (4491 m) Täsch
64%
2 Weissmies (4017 m) Saas-Grund
62%
4 Mönch (4110 m) Grindelwald
60%
1 Dent Blanche (4357 m) Evolène
52%
10 Dom (4545 m) Randa
46%
3 Grand Combin (4313 m) Val de Bagnes
42%
2 Jungfrau (4158 m) Lauterbrunnen
40%
4 Weisshorn (4505 m) Anniviers
36%
2 Grand Combin (4313 m) Bourg-Saint-Pierre
36%
4 Rimpfischhorn (4199 m) Saas-Almagell
36%
7 Finsteraarhorn (4274 m) Fieschertal
28%
2 Weissmies (4017 m) Simplon
24%
1 Bishorn (4151 m) Turtmann-Unterems
24%
1 Aletschhorn (4194 m) Naters
20%
1 Aletschhorn (4194 m) Bettmeralp
18%
4 Nadelhorn (4327 m) St. Niklaus
16%
1 Piz Bernina (4048 m) Pontresina
14%
3 Finsteraarhorn (4274 m) Guttanen
8%
1 Piz Bernina (4048 m) Samedan
6%
Aucun quiz correspondant
Distribution des résultats
% des personnes avec chaque résultat
Percentile par nombre de réponses
Votre historique - résultats
Vous n’avez pas pris ce quiz depuis la dernière actualisation